Province italiane più ad Est - Statistics

Statistiche generali
  • Questo quiz è stato fatto 58 volte
  • Il punteggio medio è 13 su 15
Statistiche sulle risposte
Longitudine punto regionale più ad Est Provincia % Corretto
17°23′59″E Città metropolitana di Bari
100%
18°31′14″E Provincia di Lecce
98%
18°05′51″E Provincia di Brindisi
96%
16°02′25″E Provincia di Foggia
96%
17°48′01″E Provincia di Taranto
96%
16°55′15″E Provincia di Catanzaro
91%
17°01′30″E Provincia di Cosenza
89%
16°52′00″E Provincia di Matera
89%
16°23′57″E Provincia di Potenza
89%
16°32′32″E Provincia di Barletta-Andria-Trani
87%
17°12′24″E Provincia di Crotone
87%
16°34′57″E Città metropolitana di Reggio Calabria
85%
16°26′06″E Provincia di Vibo Valentia
74%
15°39′10″E Città metropolitana di Messina
72%
15°48′23″E Provincia di Salerno
65%
Nessun quiz corrispondente trovato
Distribuzione punteggi
Percentuale di utenti per punteggio
Percentile per numero di risposta
I tuoi punteggi nel tempo
Non hai fatto questo quiz